| 000 | 00873nam a22002057a 4500 | ||
|---|---|---|---|
| 999 |
_c16517 _d16517 |
||
| 003 | AR-CdUCM | ||
| 008 | 190503b ||||| |||| 00| 0 spa d | ||
| 040 |
_aMUNICIPALIDAD PROVINCIAL DEL CUSCO _cBIBLIOTECA MUNICIPAL DEL CUSCO |
||
| 082 |
_22ed. _a465.072 / _bM22 |
||
| 100 |
_aManacorda de Rosetti, Mabel _936007 |
||
| 245 |
_aLa gramática estructural en la escuela secundaria : _bsu valor formativo / |
||
| 260 |
_aBuenos Aires : _bKapelusz, _c1964. |
||
| 300 |
_aXII, 112 páginas ; _c18 cm. |
||
| 505 | _aContenido: Contenido y orientación -- Fundamentos 3 -- Criterios en el estudio del hecho lingüístico -- Independencia de la teoría gramatical -- La teoría gramatical en la escuela secundaria ... | ||
| 650 |
_aEducación Secundaria _94648 |
||
| 650 |
_aLingüística _91640 |
||
| 650 |
_aGramática _99175 |
||
| 942 |
_2ddc _cLIBROS |
||
| 945 |
_aachl _d2019-05-3 |
||